[Event "Schleswig Holstein-ch Seniors op 10th"]
[Site "Buesum"]
[Date "2016.10.04"]
[Round "9"]
[White "Bordasch, Christian"]
[Black "Graffenberger, Wilhelm"]
[Result "1-0"]
[WhiteElo "1814"]
[BlackElo "1717"]
[PlyCount "75"]
[EventDate "2016.09.26"]
[EventType "swiss"]
[EventRounds "9"]
[EventCountry "GER"]
[SourceTitle "EXT 2019"]
[Source "ChessBase"]
[SourceDate "2018.10.10"]
[SourceVersion "1"]
[SourceVersionDate "2018.10.10"]
[SourceQuality "1"]

1. d4 Nf6 2. c4 c5 3. d5 b5 4. cxb5 a6 5. e3 axb5 6. Bxb5 g6 7. Nc3 Bg7 8. Nge2 0-0 9. 0-0 d6 10. e4 Nbd7 11. Rb1 Nb6 12. b4 c4 13. Be3 Ng4 14. Bxb6 Qxb6 15. Bxc4 Ne5 16. Bb5 Bg4 17. Qb3 Rfc8 18. a4 Qc7 19. Rbc1 Qa7 20. h3 Bxh3 21. gxh3 Nf3+ 22. Kg2 Nd2 23. Qd1 Nxf1 24. Kxf1 e6 25. Bc6 Rab8 26. b5 Qe7 27. Qd3 Qg5 28. Qe3 Qd8 29. Rb1 Qa5 30. b6 exd5 31. exd5 f5 32. Rb5 Qa6 33. b7 Rf8 34. Qb6 Qxb6 35. Rxb6 f4 36. f3 Bf6 37. a5 Bd8 38. Rb5 1-0

[Event "Schleswig Holstein-ch Seniors op 10th"]
[Site "Buesum"]
[Date "2016.10.02"]
[Round "7"]
[White "Bordasch, Christian"]
[Black "Stratmann, Dietrich"]
[Result "1/2-1/2"]
[WhiteElo "1814"]
[BlackElo "1696"]
[PlyCount "48"]
[EventDate "2016.09.26"]
[EventType "swiss"]
[EventRounds "9"]
[EventCountry "GER"]
[SourceTitle "EXT 2019"]
[Source "ChessBase"]
[SourceDate "2018.10.10"]
[SourceVersion "1"]
[SourceVersionDate "2018.10.10"]
[SourceQuality "1"]

1. d4 Nf6 2. c4 g6 3. Nc3 d5 4. cxd5 Nxd5 5. e4 Nxc3 6. bxc3 Bg7 7. Bc4 0-0 8. Be3 c5 9. Ne2 Qa5 10. 0-0 cxd4 11. cxd4 Nc6 12. Qb3 Qb4 13. Qxb4 Nxb4 14. Bb3 Rd8 15. Rad1 Bg4 16. f3 Bd7 17. Nc1 Bb5 18. Rfe1 Rac8 19. e5 Nc2 20. Bxc2 Rxc2 21. f4 Bc6 22. Re2 Be4 23. Rxc2 Bxc2 24. Rd2 Rc8 1/2-1/2

[Event "Schleswig Holstein-ch Seniors op 10th"]
[Site "Buesum"]
[Date "2016.10.01"]
[Round "6"]
[White "Moeller, Peter1111"]
[Black "Bordasch, Christian"]
[Result "1-0"]
[WhiteElo "1702"]
[BlackElo "1814"]
[PlyCount "143"]
[EventDate "2016.09.26"]
[EventType "swiss"]
[EventRounds "9"]
[EventCountry "GER"]
[SourceTitle "EXT 2019"]
[Source "ChessBase"]
[SourceDate "2018.10.10"]
[SourceVersion "1"]
[SourceVersionDate "2018.10.10"]
[SourceQuality "1"]

1. d4 Nf6 2. Bf4 d5 3. Nf3 Bg4 4. Nbd2 Nbd7 5. h3 Bh5 6. e3 e6 7. c3 Be7 8. Qb3 Qc8 9. Bd3 Bg6 10. Qc2 c5 11. Bxg6 hxg6 12. Ne5 cxd4 13. exd4 Nxe5 14. Bxe5 Qc6 15. Qd1 Bd6 16. Nf3 Bxe5 17. Nxe5 Qd6 18. Qa4+ Ke7 19. Qb5 Rab8 20. Qa4 a6 21. Qd1 Nd7 22. Nd3 Rh4 23. Kd2 Nf6 24. f3 Rc8 25. Qe1 Rhh8 26. Qe3 Rc7 27. Rhe1 Qg3 28. Qf2 Qxf2+ 29. Nxf2 Nh5 30. Nd3 b6 31. Nb4 a5 32. Nxd5+ Kd6 33. Nxc7 Kxc7 34. Rac1 Kd6 35. Ke3 Ng3 36. Kf2 Nf5 37. Rcd1 Ne7 38. c4 Rc8 39. b3 Rc7 40. Rc1 Rc8 41. Red1 Kd7 42. c5 b5 43. a3 Kc6 44. b4 a4 45. Rc3 Rd8 46. Rcd3 Nd5 47. g3 Rh8 48. Kg2 Ne7 49. h4 Kd5 50. Kf2 Nc6 51. Ke3 Rh5 52. f4 Rh8 53. Rh1 Ne7 54. Rhd1 Nc6 55. Kf3 Rd8 56. g4 Rh8 57. Kg3 Rd8 58. f5 gxf5 59. gxf5 exf5 60. Kf4 Rh8 61. Rh1 Rh5 62. Kg3 g5 63. Rh2 g4 64. Kf4 f6 65. Kg3 Kc4 66. Rhd2 Kd5 67. Re2 Rh8 68. Rf2 Rh5 69. Rdd2 Nxd4 70. Rf4 Rh8 71. Rfxd4+ Ke5 72. Rf4 1-0

[Event "WchT Seniors 50"]
[Site "Radebeul"]
[Date "2016.07.03"]
[Round "8.24"]
[White "Bordasch, Christian"]
[Black "David, Anton"]
[Result "0-1"]
[WhiteElo "1830"]
[BlackElo "1772"]
[PlyCount "113"]
[EventDate "2016.06.26"]
[EventType "team-swiss"]
[EventRounds "9"]
[EventCountry "GER"]
[SourceTitle "CBM 173 Extra"]
[Source "ChessBase"]
[SourceDate "2016.08.29"]
[SourceVersion "1"]
[SourceVersionDate "2016.08.29"]
[SourceQuality "1"]
[WhiteTeam "Norderstedt"]
[BlackTeam "Copenhagen 68"]
[WhiteTeamCountry "GER"]
[BlackTeamCountry "DEN"]

1. d4 d5 2. c4 e6 3. Nc3 Nf6 4. Nf3 Be7 5. Bg5 h6 6. Bh4 0-0 7. e3 b6 8. Rc1 Bb7 9. Bxf6 Bxf6 10. cxd5 exd5 11. Bd3 Nd7 12. 0-0 c5 13. Bb1 Re8 14. Qd3 Nf8 15. Rfd1 cxd4 16. Nxd4 a6 17. Nde2 b5 18. Rd2 Rc8 19. Rcd1 Be5 20. Nd4 Qc7 21. Nce2 Bxh2+ 22. Kh1 Be5 23. Nf3 Bf6 24. Rc1 Qd7 25. Rcd1 Qg4 26. Ned4 g6 27. Kg1 Kg7 28. a3 Rc7 29. Ba2 Qe4 30. Qf1 Rec8 31. Bb1 Qg4 32. Nh2 Qd7 33. Nhf3 Re8 34. Ne2 Qg4 35. Ned4 h5 36. Nh2 Qd7 37. Nhf3 Qe7 38. Ba2 Nd7 39. b4 Nb6 40. Bb1 Nc4 41. Ra2 Nd6 42. Rc1 Rec8 43. Rxc7 Rxc7 44. Nb3 Ne4 45. Rc2 Rxc2 46. Bxc2 Bb2 47. Qb1 Bf6 48. Bxe4 dxe4 49. Nfd4 Be5 50. Ne2 f5 51. Nc5 h4 52. Nxb7 Qxb7 53. Nd4 Qd5 54. Qb2 Kf6 55. Qc3 Bxd4 56. exd4 Qc4 57. d5+ 0-1

[Event "Schleswig Holstein-ch Seniors op 9th"]
[Site "Buesum"]
[Date "2015.10.02"]
[Round "5"]
[White "Ophoff, Rigobert"]
[Black "Bordasch, Christian"]
[Result "1/2-1/2"]
[WhiteElo "2009"]
[BlackElo "1798"]
[PlyCount "44"]
[EventDate "2015.09.28"]
[EventType "swiss"]
[EventRounds "9"]
[EventCountry "GER"]
[SourceTitle "EXT 2018"]
[Source "ChessBase"]
[SourceDate "2017.10.13"]
[SourceVersion "1"]
[SourceVersionDate "2017.10.13"]
[SourceQuality "1"]

1. d4 Nf6 2. c4 e6 3. g3 d5 4. Bg2 Be7 5. Nf3 0-0 6. 0-0 Nbd7 7. Qc2 dxc4 8. Qxc4 Rb8 9. Nc3 a6 10. a4 Nb6 11. Qb3 Nbd5 12. Ne5 Qd6 13. Nc4 Qb4 14. Qxb4 Nxb4 15. Bf4 Ne8 16. Rfd1 Nd6 17. Nxd6 Bxd6 18. Bxd6 cxd6 19. Ne4 d5 20. Nc3 Bd7 21. e3 Rbc8 22. Bf1 Nc6 1/2-1/2